Language Quiz

Random Language or French Quiz

French: Hail Mary Quiz Stats

 Plays Quiz not verified by Sporcle

Challenge
Share
Tweet
Embed
Score 0/47 Timer 05:00
0 Plays Today
% Correct
Marie,
92.6%
Marie,
92.6%
de
90.7%
de
90.7%
de
90.7%
de
90.7%
Je
83.3%
l'
83.3%
Le
81.5%
le
81.5%
vous
79.6%
grâce.
79.6%
vous.
79.6%
Vous
79.6%
est
75.9%
Jésus,
75.9%
est
75.9%
et
74.1%
et
74.1%
pleine
72.2%
les
72.2%
avec
70.4%
fruit
70.4%
vos
70.4%
% Correct
Mère
70.4%
salue,
68.5%
femmes,
68.5%
êtes
66.7%
Dieu,
64.8%
Seigneur
63%
Amen.
63%
entre
61.1%
Sainte
61.1%
nous,
61.1%
toutes
59.3%
pour
57.4%
heure
57.4%
mort.
57.4%
béni.
55.6%
notre
55.6%
bénie,
53.7%
entrailles,
53.7%
maintenant
51.9%
priez
50%
pécheurs,
44.4%
pauvres
33.3%
à
33.3%

You're not logged in!

Compare scores with friends on all Sporcle quizzes.
Join for Free
OR
Log In

You Might Also Like...

Show Comments

Extras

Created May 22, 2012ReportNominate
Tags:French Quiz, hail, Hail Mary, mary

Top Quizzes Today


Score Distribution

Your Account Isn't Verified!

In order to create a playlist on Sporcle, you need to verify the email address you used during registration. Go to your Sporcle Settings to finish the process.

Report this User

Report this user for behavior that violates our Community Guidelines.

Details: